LEADER 01030nam a2200217 i 4500 001 000000191816 003 CaOOAMICUS 005 20100826000000.0 008 100826s1906 it u000 u ita u 013 $a170388 040 $aSeMil$bita 100 1 $aClementi, Giuseppe.$0(OLS)http://semarc/name/69257 245 14$aGli otto martiri tonchinesi dell'Ordine di S. Domenico :$bsolennemente beatificati da Pio papa 10. nell'anno 1906 /$cGiuseppe Clementi. 260 $aRoma :$bTipografia Poliglotta Vaticana,$c1906. 300 $aXV, 431 p. :$bill. ;$c24 cm. 500 $aContiene : Appendice. 650 4$aMartiri cristiani - Cina.$0(OLS)http://semarc/subject/15875 850 $aSeMil 852 $aSeMil$W1$xVenegono$y1$m3H IV 47$j142424$B142424$CSeMilBibl$Z2$F153959 $81 996 $6245$aGli otto martiri tonchinesi dell'Ordine di S. Domenico :$bsolennemente beatificati da Pio papa 10. nell'anno 1906$9(OLS)http://semarc/title/276336 996 $6260$aRoma :$bTipografia Poliglotta Vaticana$9(OLS)http://semarc/publisher/30471 LEADER 01002nam a2200217 i 4500 001 000000209306 003 CaOOAMICUS 005 20241028145042.0 008 111213s1970 it u000 u ita u 013 $a188095 040 $aSeMil$bita 245 12$aL'evoluzione economica e sociale mondiale negli ultimi due secoli; imperialismi in conflitto nell'Europa dal 1870 al 1918 /$c[a cura] di G. Luzzatto, A. Torre. 300 $aXXXI, 482 p., [28] c. di tav. :$bill. 700 1 $aTorre, Augusto.$0(OLS)http://semarc/name/57271 700 1 $aLuzzatto, Gino.$0(OLS)http://semarc/name/4924 773 0 $tEtà contemporanea.$dMilano : Francesco Vallardi, 1967.$g6$w()25985 850 $aSeMil 852 $aSeMil$W1$xVenegono$y1$m3U VI 116$j159757$B159757$CSeMilBibl$Z2$F170817 $81 961 $aRecupero: Altro 996 $6245$aL'evoluzione economica e sociale mondiale negli ultimi due secoli; imperialismi in conflitto nell'Europa dal 1870 al 1918$9(OLS)http://semarc/title/302569